L'artiste selon l'œuvre - Statistiques

Statistiques générales
  • Ce quiz a été pris 56 fois
  • Le résultat moyen est 11 sur 16
Statistiques - réponses
Par images Réponse % Correct
Edward Munch
96%
Van Gogh
93%
Claude Monet
89%
Johannes Vermeer
89%
Édouard Manet
85%
Édouard Manet
85%
Eugène Delacroix
80%
René Magritte
78%
Salvador Dali
78%
Michelange
72%
Henri Matisse
70%
Hokusaï
61%
Vassily Kandinsky
48%
Paul Cézanne
43%
Caspar David Friedrich
41%
Grant Wood
33%
Aucun quiz correspondant
Distribution des résultats
% des personnes avec chaque résultat
Percentile par nombre de réponses
Votre historique - résultats
Vous n’avez pas pris ce quiz